000 00358pab a2200157 454500
008 180718b2011 xxu||||| |||| 00| 0 eng d
100 _aRamanathan, Usha
245 _aThe myth of the technology fix
260 _c2011
300 _ap.110-114.
362 _aJan
650 _aScience and technology
773 _aSeminar
908 _aN
909 _a90451
999 _c90451
_d90451